00925nam a2200229 a 450000100060000000300080000600500170001400800410003103500190007204000410009104100080013208200240014010000490016424500750021326000510028830000270033950401280036665000350049494200120052999900170054195201370055846808BD-RjUL20211209054216.0160804s1947 ilu b 001 0 eng  a(BD-RjUL)46927 aDLCcODaWUdOCoLCdDLCdBD-RjULbeng aeng a370.1223bHEI 19471 aHenderson, Stella Van Petten,d1888-914261510aIntroduction to philosophy of education /cStella Van Petten Henderson aChicago :bUniversity of Chicago Press,cc1947 axiii, 401 p. ;c24 cm. a"Suggested references" at the end of each chapter. "Selected bibliography of philosophical fiction": p. 387-388 and index.  0aEducationxPhilosophy.9117134 2ddccBK c46808d46808 00102ddc40708NFICaRUCLbRUCLcStackd1971-01-08eZeitlingerg52.00l0o370.1 HEI 1947r2016-08-04 00:00:00tC-2w2016-08-04yBK